| 000 | 00841nam a2200253 i 4500 | ||
|---|---|---|---|
| 003 | IT-RoINE | ||
| 005 | 20220503104502.0 | ||
| 008 | 940715s1980 sp r 000 | spa d | ||
| 020 | _a847299077x | ||
| 040 |
_dUPSA _dIT-RoINE _cesslup |
||
| 100 | 1 |
_aSayés, José Antonio, _92829 _d1944- |
|
| 245 | 1 | 0 |
_aExistencia de Dios y conocimiento humano / _cJosé Antonio Sayés. |
| 260 |
_aSalamanca : _bUniversidad Pontificia, _c1980. |
||
| 300 |
_a211 p ; _c24 cm. |
||
| 336 |
_2rdacontent _atext |
||
| 337 |
_2rdamedia _aunmediated |
||
| 338 |
_2rdacarrier _avolume |
||
| 490 | 1 |
_aBibliotheca Salmanticensis. _aEstudios ; _v35 |
|
| 504 | _aIncluye referencias bibliográficas. | ||
| 650 | 4 |
_aDios _91761 _xExistencia |
|
| 650 | 0 |
_aTeología fundamental _920480 |
|
| 830 | 0 |
_93087 _aBibliotheca Salmanticensis. _pEstudios ; _v35 |
|
| 942 | _cMTS | ||
| 999 |
_c12416 _d12416 |
||